Educación ambiental (Registro nro. 12935)

Detalles MARC
000 -CABECERA
Campo de control 005920000a22001810004500
090 ## - CLASIFICACIÓN LOCAL
Colección AR
Consecutivo 03900
041 0# - IDIOMA
Código de idioma para texto/pista de sonido o título separado
100 1# - ASIENTO PRINCIPAL--NOMBRE PERSONAL
Nombre personal Bunge, Mario
245 10 - MENCION DE TITULO
Título Educación ambiental
Version principios básicos desde el punto de vista conceptual
260 ## - PUBLICACION, DISTRIBUCION, ETC. (PIE DE IMPRENTA)
Lugar de publicación, distribución, etc. Madrid
Nombre del editor, distribuidor, etc. Ediciones Unesco
Fecha de publicación, distribución, etc. 1998
260 ## - PUBLICACION, DISTRIBUCION, ETC. (PIE DE IMPRENTA)
Nombre del editor, distribuidor, etc. Editorial Universal S. A.
300 ## - DESCRIPCION FISICA
Extensión 116-160
650 14 - ASIENTO SECUNDARIO DE MATERIA - TERMINO TEMATICO
Término temático o nombre geográfico como elemento de entrada Ecosistemas
650 14 - ASIENTO SECUNDARIO DE MATERIA - TERMINO TEMATICO
Término temático o nombre geográfico como elemento de entrada Teoría ecológica
650 14 - ASIENTO SECUNDARIO DE MATERIA - TERMINO TEMATICO
Término temático o nombre geográfico como elemento de entrada Educación ambiental
773 1# - Item fuente:
Título En Novo, María/ Educación ambiental: bases éticas, conceptuales y metodológicas
942 ## - ELEMENTOS ADICIONALES (KOHA)
Tipo de ítem Artículo
Existencias
Withdrawn status Lost status Damaged status No para préstamo Colección Ubicación Permanente Ubicación actual Fecha de adquisición Datos de publicación Seriada Total Checkouts Número topográfico Inventario / Código de Barras Date last seen Ejemplar Price effective from Forma de adquisición Tipo de material
      No para Préstamo Hemeroteca Bogotá Bogotá 27/02/2015 Fuera de circulación   AR 03900 014354 25/03/2015 1 25/03/2015   Artículo